LEADER 01372nam2 22003373i 450 001 PUV0965907 005 20251003044316.0 010 $a2876471019 100 $a20080609e19921912||||0itac50 ba 101 | $afre 102 $afr 181 1$6z01$ai $bxxxe 182 1$6z01$an 200 1 $aˆ1.2: ‰Algébre 210 $aSceaux$cJ. Gabay$d[1992] 215 $a520 col.$d18 x 25 cm 300 $aRipr. facs. dell'ed. : Paris : Gauthier-Villars ; Leipzig : B.G. Teubner, 1912. 461 1$1001PUV0962188$12001 $aEncyclopédie des sciences mathématiques pures et appliquées$fpubliée sous les auspices des académies des sciences de Göttingue, de Leipzig, de Munich et de Vienne avec la collaboration de nombreux savants$v1.2 606 $aMatematica$xEnciclopedie e dizionari$2FIR$3SBLC092649$9E 606 $aAlgebra$2FIR$3CFIC003520$9E 676 $a510$9MATEMATICA$v14 676 $a512$9ALGEBRA$v14 696 $aDizionari$aEnciclopedie 699 $aEnciclopedie e dizionari$xDizionari$xEnciclopedie 801 3$aIT$bIT-000000$c20080609 850 $aIT-BN0095 912 $aPUV0965907 950 2$aBiblioteca Centralizzata di Ateneo$cv. 1-8 in 22$d 01RIPR. FACSFr. A 0020$e 0102 0000066695 VMA (01.2 v. 1.2$fY $h20080609$i20080609 977 $a 01 996 $aAlgébre$9104101 997 $aUNISANNIO